[Event "Blitz 2018"]
[Site "Saint-Petersburg"]
[Date "2018.12.30"]
[Round "16"]
[Board "54"]
[White "Sanal Vahap (TUR)"]
[Black "Motylev Alexander (RUS)"]
[Result "0-1"]
[LiveChessVersion "1.4.8"]
[BlackElo "2609"]
[WhiteElo "2488"]

1. e4 {[%clk 0:02:57]} e5 {[%clk 0:03:03]} 2. Nf3 {[%clk 0:02:58]} Nc6
{[%clk 0:03:04]} 3. Bb5 {[%clk 0:02:59]} Nge7 {[%clk 0:03:05]} 4. Bc4
{[%clk 0:02:59]} h6 {[%clk 0:02:59]} 5. O-O {[%clk 0:02:59]} d6 {[%clk 0:02:59]}
6. c3 {[%clk 0:02:56]} Na5 {[%clk 0:02:28]} 7. Qa4+ {[%clk 0:02:47]} c6
{[%clk 0:02:23]} 8. Be2 {[%clk 0:02:46]} b5 {[%clk 0:02:22]} 9. Qc2
{[%clk 0:02:47]} Rb8 {[%clk 0:02:15]} 10. d4 {[%clk 0:02:46]} Qc7
{[%clk 0:02:14]} 11. Nbd2 {[%clk 0:02:26]} g5 {[%clk 0:02:12]} 12. b4
{[%clk 0:02:24]} Nb7 {[%clk 0:02:13]} 13. a4 {[%clk 0:02:24]} a6 {[%clk 0:02:14]}
14. axb5 {[%clk 0:02:25]} axb5 {[%clk 0:02:15]} 15. c4 {[%clk 0:02:16]} g4
{[%clk 0:02:00]} 16. Nh4 {[%clk 0:02:07]} exd4 {[%clk 0:01:59]} 17. cxb5
{[%clk 0:02:08]} Bg7 {[%clk 0:01:59]} 18. Bb2 {[%clk 0:02:01]} O-O
{[%clk 0:01:45]} 19. Rfc1 {[%clk 0:02:00]} c5 {[%clk 0:01:34]} 20. Bc4
{[%clk 0:01:36]} Be6 {[%clk 0:01:31]} 21. Qb3 {[%clk 0:01:33]} Qd7
{[%clk 0:01:29]} 22. Ra7 {[%clk 0:01:24]} Nc8 {[%clk 0:01:27]} 23. Ra6
{[%clk 0:01:21]} Nd8 {[%clk 0:01:27]} 24. bxc5 {[%clk 0:01:17]} dxc5
{[%clk 0:01:28]} 25. Nf5 {[%clk 0:01:11]} Bxc4 {[%clk 0:01:28]} 26. Nxc4
{[%clk 0:01:06]} Qxb5 {[%clk 0:01:27]} 27. Qa2 {[%clk 0:00:56]} Ne6
{[%clk 0:01:22]} 28. e5 {[%clk 0:00:37]} Nb6 {[%clk 0:01:07]} 29. Ra5
{[%clk 0:00:30]} Qd7 {[%clk 0:00:54]} 30. Ra7 {[%clk 0:00:31]} Qb5
{[%clk 0:00:51]} 31. Ncd6 {[%clk 0:00:32]} Qe2 {[%clk 0:00:52]} 32. Ne7+
{[%clk 0:00:29]} Kh8 {[%clk 0:00:50]} 33. Nc6 {[%clk 0:00:29]} Ra8
{[%clk 0:00:47]} 34. Rxa8 {[%clk 0:00:22]} Nxa8 {[%clk 0:00:42]} 35. Rb1
{[%clk 0:00:19]} Nac7 {[%clk 0:00:40]} 36. Qb3 {[%clk 0:00:15]} Bxe5
{[%clk 0:00:40]} 37. Nxe5 {[%clk 0:00:08]} Qxe5 {[%clk 0:00:41]} 38. Nc4
{[%clk 0:00:09]} Qd5 {[%clk 0:00:41]} 39. Rc1 {[%clk 0:00:09]} Nf4
{[%clk 0:00:42]} 40. f3 {[%clk 0:00:06]} Ne2+ {[%clk 0:00:42]} 41. Kf2
{[%clk 0:00:07]} Nxc1 {[%clk 0:00:41]} 42. Bxc1 {[%clk 0:00:09]} gxf3
{[%clk 0:00:40]} 43. Qb6 {[%clk 0:00:07]} Ne6 {[%clk 0:00:41]} 44. Nd6
{[%clk 0:00:04]} fxg2 {[%clk 0:00:41]} 45. Bxh6 {[%clk 0:00:04]} g1=Q+
{[%clk 0:00:38]} 46. Kxg1 {[%clk 0:00:04]} Rg8+ {[%clk 0:00:39]} 47. Kf2
{[%clk 0:00:05]} Rg2+ {[%clk 0:00:40]} 48. Ke1 {[%clk 0:00:06]} Qe5+
{[%clk 0:00:40]} 0-1

[Event "Blitz 2018"]
[Site "Saint-Petersburg"]
[Date "2018.12.30"]
[Round "16"]
[Board "55"]
[White "Antipov Mikhail Al. (RUS)"]
[Black "Carlsson Pontus (SWE)"]
[Result "1-0"]
[LiveChessVersion "1.4.8"]
[BlackElo "2511"]
[WhiteElo "2604"]

1. e4 {[%clk 0:03:03]} c5 {[%clk 0:03:03]} 2. Nf3 {[%clk 0:03:04]} d6
{[%clk 0:03:04]} 3. Bb5+ {[%clk 0:03:05]} Bd7 {[%clk 0:03:05]} 4. c4
{[%clk 0:03:05]} Nf6 {[%clk 0:03:02]} 5. Nc3 {[%clk 0:03:06]} g6 {[%clk 0:02:59]}
6. O-O {[%clk 0:03:06]} Bg7 {[%clk 0:03:00]} 7. d4 {[%clk 0:03:07]} cxd4
{[%clk 0:03:00]} 8. Nxd4 {[%clk 0:03:07]} O-O {[%clk 0:03:00]} 9. Bxd7
{[%clk 0:03:07]} Nbxd7 {[%clk 0:02:58]} 10. Qe2 {[%clk 0:02:48]} a6
{[%clk 0:02:56]} 11. Rd1 {[%clk 0:02:16]} Rc8 {[%clk 0:02:52]} 12. Bd2
{[%clk 0:02:15]} e6 {[%clk 0:02:46]} 13. Nc2 {[%clk 0:01:59]} Re8
{[%clk 0:02:43]} 14. Ne3 {[%clk 0:01:56]} Qc7 {[%clk 0:02:41]} 15. Be1
{[%clk 0:01:34]} Qb8 {[%clk 0:02:42]} 16. Rac1 {[%clk 0:01:15]} Rc6
{[%clk 0:02:30]} 17. b3 {[%clk 0:00:49]} b6 {[%clk 0:02:29]} 18. Rb1
{[%clk 0:00:46]} Qb7 {[%clk 0:02:28]} 19. a4 {[%clk 0:00:40]} Bf8
{[%clk 0:02:19]} 20. Qd2 {[%clk 0:00:29]} Rcc8 {[%clk 0:02:14]} 21. Kh1
{[%clk 0:00:24]} Nxe4 {[%clk 0:02:12]} 22. Nxe4 {[%clk 0:00:24]} Qxe4
{[%clk 0:02:13]} 23. a5 {[%clk 0:00:21]} bxa5 {[%clk 0:02:10]} 24. Qxa5
{[%clk 0:00:21]} Qb7 {[%clk 0:02:10]} 25. b4 {[%clk 0:00:20]} Ne5
{[%clk 0:02:00]} 26. b5 {[%clk 0:00:17]} axb5 {[%clk 0:01:59]} 27. cxb5
{[%clk 0:00:17]} d5 {[%clk 0:01:49]} 28. b6 {[%clk 0:00:13]} Nc6 {[%clk 0:01:33]}
29. Qb5 {[%clk 0:00:09]} Bg7 {[%clk 0:01:24]} 30. Qb3 {[%clk 0:00:07]} Nd4
{[%clk 0:01:22]} 31. Qd3 {[%clk 0:00:07]} Nc6 {[%clk 0:01:17]} 32. Nc2
{[%clk 0:00:06]} Ne5 {[%clk 0:01:17]} 33. Qe2 {[%clk 0:00:06]} Nc4
{[%clk 0:01:17]} 34. Ne3 {[%clk 0:00:06]} Rc6 {[%clk 0:01:10]} 35. Nxd5
{[%clk 0:00:05]} Rb8 {[%clk 0:01:01]} 36. Nb4 {[%clk 0:00:05]} Rc5
{[%clk 0:00:59]} 37. Nd3 {[%clk 0:00:05]} Rd5 {[%clk 0:00:57]} 38. Rdc1
{[%clk 0:00:04]} Nxb6 {[%clk 0:00:53]} 39. Nc5 {[%clk 0:00:04]} Qa7
{[%clk 0:00:42]} 40. Na6 {[%clk 0:00:04]} Re8 {[%clk 0:00:37]} 41. Rc7
{[%clk 0:00:04]} Qa8 {[%clk 0:00:19]} 42. Rxb6 {[%clk 0:00:05]} Rg5
{[%clk 0:00:18]} 43. Rbb7 {[%clk 0:00:04]} Re5 {[%clk 0:00:17]} 44. Qf1
{[%clk 0:00:05]} Rf8 {[%clk 0:00:16]} 45. Bc3 {[%clk 0:00:05]} Rf5
{[%clk 0:00:14]} 46. Bxg7 {[%clk 0:00:05]} Kxg7 {[%clk 0:00:15]} 47. Nb4
{[%clk 0:00:04]} Qa4 {[%clk 0:00:14]} 48. Nc2 {[%clk 0:00:04]} Qe4
{[%clk 0:00:14]} 49. Qa1+ {[%clk 0:00:03]} Kg8 {[%clk 0:00:14]} 50. Qf1
{[%clk 0:00:04]} Rg5 {[%clk 0:00:14]} 51. Kg1 {[%clk 0:00:04]} Rd5
{[%clk 0:00:14]} 52. Ne3 {[%clk 0:00:05]} Rd4 {[%clk 0:00:14]} 53. Rb1
{[%clk 0:00:05]} h5 {[%clk 0:00:15]} 54. Rbc1 {[%clk 0:00:05]} h4
{[%clk 0:00:15]} 55. R7c4 {[%clk 0:00:05]} Rfd8 {[%clk 0:00:16]} 56. Rxd4
{[%clk 0:00:04]} Rxd4 {[%clk 0:00:17]} 57. h3 {[%clk 0:00:05]} Kg7
{[%clk 0:00:17]} 58. Rc4 {[%clk 0:00:04]} e5 {[%clk 0:00:17]} 59. Rxd4
{[%clk 0:00:03]} exd4 {[%clk 0:00:19]} 60. Nd1 {[%clk 0:00:04]} d3
{[%clk 0:00:18]} 61. Ne3 {[%clk 0:00:03]} d2 {[%clk 0:00:18]} 62. Qa1+
{[%clk 0:00:04]} Kh7 {[%clk 0:00:16]} 63. Qd1 {[%clk 0:00:05]} Qd3
{[%clk 0:00:16]} 64. Nf1 {[%clk 0:00:06]} Qe4 {[%clk 0:00:16]} 65. Qxd2
{[%clk 0:00:06]} Kg7 {[%clk 0:00:17]} 66. Qc3+ {[%clk 0:00:07]} f6
{[%clk 0:00:17]} 67. Qc7+ {[%clk 0:00:08]} Kh6 {[%clk 0:00:18]} 68. Ne3
{[%clk 0:00:08]} f5 {[%clk 0:00:19]} 69. Qc3 {[%clk 0:00:08]} Qb1+
{[%clk 0:00:20]} 70. Nf1 {[%clk 0:00:08]} Kh7 {[%clk 0:00:20]} 71. Qf6
{[%clk 0:00:08]} Qe4 {[%clk 0:00:20]} 72. Qf7+ {[%clk 0:00:08]} Kh6
{[%clk 0:00:20]} 73. Qg8 {[%clk 0:00:07]} Kg5 {[%clk 0:00:19]} 74. Qd8+
{[%clk 0:00:06]} Kh6 {[%clk 0:00:20]} 75. Qd2+ {[%clk 0:00:07]} Kg7
{[%clk 0:00:21]} 76. Ne3 {[%clk 0:00:08]} Qb1+ {[%clk 0:00:20]} 77. Qd1
{[%clk 0:00:08]} Qe4 {[%clk 0:00:21]} 78. Qc2 {[%clk 0:00:08]} Qd4
{[%clk 0:00:21]} 79. Nd1 {[%clk 0:00:07]} Kh7 {[%clk 0:00:19]} 80. Kf1
{[%clk 0:00:06]} Qd6 {[%clk 0:00:19]} 81. Ne3 {[%clk 0:00:06]} Qa6+
{[%clk 0:00:20]} 82. Nc4 {[%clk 0:00:06]} Qb5 {[%clk 0:00:20]} 83. Ke2
{[%clk 0:00:06]} Qd5 {[%clk 0:00:21]} 84. Ne3 {[%clk 0:00:06]} Qb5+
{[%clk 0:00:22]} 85. Qd3 {[%clk 0:00:07]} Qb2+ {[%clk 0:00:24]} 86. Kf3
{[%clk 0:00:06]} Qb7+ {[%clk 0:00:25]} 87. Qd5 {[%clk 0:00:07]} Qb4
{[%clk 0:00:26]} 88. Qf7+ {[%clk 0:00:04]} Kh6 {[%clk 0:00:26]} 89. Qd5
{[%clk 0:00:04]} Kh7 {[%clk 0:00:26]} 90. g3 {[%clk 0:00:04]} hxg3
{[%clk 0:00:26]} 91. fxg3 {[%clk 0:00:05]} Qb2 {[%clk 0:00:26]} 92. h4
{[%clk 0:00:06]} Qc1 {[%clk 0:00:27]} 93. Qd7+ {[%clk 0:00:04]} Kh6
{[%clk 0:00:29]} 94. Qd4 {[%clk 0:00:04]} Qh1+ {[%clk 0:00:29]} 95. Kf2
{[%clk 0:00:05]} Qb1 {[%clk 0:00:29]} 96. Qh8# {[%clk 0:00:05]} 1-0

[Event "Blitz 2018"]
[Site "Saint-Petersburg"]
[Date "2018.12.30"]
[Round "16"]
[Board "56"]
[White "Miton Kamil (POL)"]
[Black "Tomashevsky Evgeny (RUS)"]
[Result "1/2-1/2"]
[LiveChessVersion "1.4.8"]
[BlackElo "2602"]
[WhiteElo "2520"]

1. d4 {[%clk 0:03:02]} d5 {[%clk 0:03:02]} 2. c4 {[%clk 0:03:02]} e6
{[%clk 0:03:03]} 3. Nf3 {[%clk 0:03:01]} c6 {[%clk 0:03:03]} 4. g3
{[%clk 0:02:59]} dxc4 {[%clk 0:03:01]} 5. Bg2 {[%clk 0:02:59]} b5
{[%clk 0:03:01]} 6. O-O {[%clk 0:02:56]} Bb7 {[%clk 0:02:58]} 7. a4
{[%clk 0:02:54]} a6 {[%clk 0:02:48]} 8. Nc3 {[%clk 0:02:38]} Nf6 {[%clk 0:02:15]}
9. Ne5 {[%clk 0:02:29]} Nd5 {[%clk 0:02:05]} 10. e4 {[%clk 0:02:28]} Nxc3
{[%clk 0:02:03]} 11. bxc3 {[%clk 0:02:29]} Nd7 {[%clk 0:02:04]} 12. f4
{[%clk 0:01:59]} Be7 {[%clk 0:02:04]} 13. Ng4 {[%clk 0:01:58]} O-O
{[%clk 0:01:16]} 14. e5 {[%clk 0:01:58]} f5 {[%clk 0:01:05]} 15. exf6
{[%clk 0:01:42]} Nxf6 {[%clk 0:01:05]} 16. Qe2 {[%clk 0:01:34]} Qc8
{[%clk 0:01:02]} 17. Nxf6+ {[%clk 0:01:18]} Bxf6 {[%clk 0:00:58]} 18. Ba3
{[%clk 0:01:18]} c5 {[%clk 0:00:58]} 19. Bxc5 {[%clk 0:01:10]} Re8
{[%clk 0:00:59]} 20. Bxb7 {[%clk 0:00:56]} Qxb7 {[%clk 0:00:59]} 21. Qg2
{[%clk 0:00:49]} Qd5 {[%clk 0:00:47]} 22. axb5 {[%clk 0:00:40]} axb5
{[%clk 0:00:47]} 23. Qxd5 {[%clk 0:00:34]} exd5 {[%clk 0:00:48]} 24. Rxa8
{[%clk 0:00:34]} Rxa8 {[%clk 0:00:49]} 25. Rb1 {[%clk 0:00:35]} Rb8
{[%clk 0:00:29]} 26. Kf2 {[%clk 0:00:32]} Kf7 {[%clk 0:00:28]} 27. Ra1
{[%clk 0:00:33]} Rb7 {[%clk 0:00:27]} 28. Re1 {[%clk 0:00:29]} h5
{[%clk 0:00:22]} 29. Kf3 {[%clk 0:00:28]} Rb8 {[%clk 0:00:21]} 30. h3
{[%clk 0:00:22]} Ra8 {[%clk 0:00:10]} 31. Rb1 {[%clk 0:00:22]} Ra5
{[%clk 0:00:08]} 32. Re1 {[%clk 0:00:09]} Ra2 {[%clk 0:00:08]} 33. g4
{[%clk 0:00:09]} Rh2 {[%clk 0:00:06]} 34. Kg3 {[%clk 0:00:05]} Rc2
{[%clk 0:00:07]} 35. Bb4 {[%clk 0:00:05]} hxg4 {[%clk 0:00:07]} 36. hxg4
{[%clk 0:00:06]} g6 {[%clk 0:00:05]} 37. g5 {[%clk 0:00:06]} Bd8 {[%clk 0:00:06]}
38. Re5 {[%clk 0:00:07]} Rd2 {[%clk 0:00:04]} 39. Rxd5 {[%clk 0:00:08]} Ke8
{[%clk 0:00:04]} 40. Rxb5 {[%clk 0:00:08]} Rd1 {[%clk 0:00:04]} 41. Kf3
{[%clk 0:00:08]} Rf1+ {[%clk 0:00:04]} 42. Ke4 {[%clk 0:00:09]} Bc7
{[%clk 0:00:06]} 43. Kd5 {[%clk 0:00:06]} Bxf4 {[%clk 0:00:06]} 44. Ke6
{[%clk 0:00:06]} Kd8 {[%clk 0:00:04]} 45. Ba5+ {[%clk 0:00:05]} Kc8
{[%clk 0:00:05]} 46. Rc5+ {[%clk 0:00:04]} Kb7 {[%clk 0:00:06]} 47. Rxc4
{[%clk 0:00:05]} Bxg5 {[%clk 0:00:07]} 48. Bb4 {[%clk 0:00:05]} Be3
{[%clk 0:00:05]} 49. Bd6 {[%clk 0:00:05]} g5 {[%clk 0:00:05]} 50. Rc7+
{[%clk 0:00:06]} Kb6 {[%clk 0:00:06]} 51. Rg7 {[%clk 0:00:06]} Rc1
{[%clk 0:00:05]} 52. Bb4 {[%clk 0:00:06]} Kb5 {[%clk 0:00:03]} 53. d5
{[%clk 0:00:07]} Re1 {[%clk 0:00:04]} 54. Kf5 {[%clk 0:00:06]} Bf4
{[%clk 0:00:03]} 55. Rb7+ {[%clk 0:00:06]} Ka6 {[%clk 0:00:04]} 56. Rg7
{[%clk 0:00:06]} Re5+ {[%clk 0:00:05]} 57. Kg4 {[%clk 0:00:06]} Rxd5
{[%clk 0:00:06]} 58. Be7 {[%clk 0:00:05]} Kb5 {[%clk 0:00:06]} 59. Bxg5
{[%clk 0:00:05]} Bxg5 {[%clk 0:00:06]} 60. Rxg5 {[%clk 0:00:05]} Rxg5+
{[%clk 0:00:07]} 61. Kxg5 {[%clk 0:00:06]} Kc4 {[%clk 0:00:09]} 62. Kf4
{[%clk 0:00:06]} Kxc3 {[%clk 0:00:10]} 63. Ke4 1/2-1/2

[Event "Blitz 2018"]
[Site "Saint-Petersburg"]
[Date "2018.12.30"]
[Round "16"]
[Board "57"]
[White "Salgado Lopez Ivan (ESP)"]
[Black "Gordievsky Dmitry (RUS)"]
[Result "0-1"]
[LiveChessVersion "1.4.8"]
[BlackElo "2591"]
[WhiteElo "2513"]

1. d4 {[%clk 0:03:02]} f5 {[%clk 0:03:03]} 2. c3 {[%clk 0:03:02]} Nf6
{[%clk 0:03:03]} 3. Bg5 {[%clk 0:03:02]} e6 {[%clk 0:03:02]} 4. Nd2
{[%clk 0:03:03]} d5 {[%clk 0:02:59]} 5. Ngf3 {[%clk 0:03:01]} Be7
{[%clk 0:02:58]} 6. h3 {[%clk 0:02:58]} O-O {[%clk 0:02:57]} 7. e3
{[%clk 0:02:58]} c5 {[%clk 0:02:56]} 8. Ne5 {[%clk 0:02:48]} Nc6 {[%clk 0:02:36]}
9. Ndf3 {[%clk 0:02:47]} Bd7 {[%clk 0:02:35]} 10. Bd3 {[%clk 0:02:44]} Be8
{[%clk 0:02:33]} 11. Nxc6 {[%clk 0:02:38]} bxc6 {[%clk 0:02:28]} 12. Ne5
{[%clk 0:02:37]} Ne4 {[%clk 0:02:08]} 13. Bxe7 {[%clk 0:02:32]} Qxe7
{[%clk 0:02:09]} 14. Bxe4 {[%clk 0:02:31]} fxe4 {[%clk 0:02:08]} 15. O-O
{[%clk 0:02:09]} cxd4 {[%clk 0:02:08]} 16. exd4 {[%clk 0:01:57]} c5
{[%clk 0:02:08]} 17. dxc5 {[%clk 0:01:55]} Qxc5 {[%clk 0:02:07]} 18. Qd4
{[%clk 0:01:56]} Qc7 {[%clk 0:01:55]} 19. f3 {[%clk 0:01:49]} Bb5
{[%clk 0:01:43]} 20. c4 {[%clk 0:01:04]} Bxc4 {[%clk 0:01:42]} 21. Nxc4
{[%clk 0:01:03]} Qxc4 {[%clk 0:01:41]} 22. Qxc4 {[%clk 0:01:00]} dxc4
{[%clk 0:01:42]} 23. fxe4 {[%clk 0:00:56]} Rfd8 {[%clk 0:01:42]} 24. Rac1
{[%clk 0:00:52]} Rac8 {[%clk 0:01:40]} 25. Rfd1 {[%clk 0:00:52]} Rxd1+
{[%clk 0:01:31]} 26. Rxd1 {[%clk 0:00:53]} Rc7 {[%clk 0:01:32]} 27. Rc1
{[%clk 0:00:48]} Kf7 {[%clk 0:01:29]} 28. b3 {[%clk 0:00:37]} c3 {[%clk 0:01:29]}
29. Kf2 {[%clk 0:00:38]} Kf6 {[%clk 0:01:22]} 30. Ke3 {[%clk 0:00:39]} Ke5
{[%clk 0:01:21]} 31. Kd3 {[%clk 0:00:40]} Rd7+ {[%clk 0:01:20]} 32. Kxc3
{[%clk 0:00:39]} Kxe4 {[%clk 0:01:20]} 33. Re1+ {[%clk 0:00:39]} Kf5
{[%clk 0:01:21]} 34. g4+ {[%clk 0:00:39]} Kf6 {[%clk 0:01:19]} 35. b4
{[%clk 0:00:40]} Rc7+ {[%clk 0:01:14]} 36. Kb3 {[%clk 0:00:41]} e5
{[%clk 0:01:10]} 37. a4 {[%clk 0:00:40]} Ke6 {[%clk 0:01:10]} 38. b5
{[%clk 0:00:35]} Kd5 {[%clk 0:00:58]} 39. Rd1+ {[%clk 0:00:32]} Ke4
{[%clk 0:00:59]} 40. a5 {[%clk 0:00:33]} Kf3 {[%clk 0:00:55]} 41. Kb4
{[%clk 0:00:29]} e4 {[%clk 0:00:53]} 42. b6 {[%clk 0:00:30]} axb6
{[%clk 0:00:54]} 43. axb6 {[%clk 0:00:31]} Rb7 {[%clk 0:00:49]} 44. Kb5
{[%clk 0:00:32]} e3 {[%clk 0:00:49]} 45. Kc6 {[%clk 0:00:33]} Rxb6+
{[%clk 0:00:44]} 46. Kxb6 {[%clk 0:00:33]} e2 {[%clk 0:00:45]} 47. Ra1
{[%clk 0:00:28]} Kf2 {[%clk 0:00:45]} 48. Kc6 {[%clk 0:00:20]} e1=Q
{[%clk 0:00:45]} 49. Rxe1 {[%clk 0:00:21]} Kxe1 {[%clk 0:00:45]} 50. Kd6
{[%clk 0:00:22]} Kf2 {[%clk 0:00:45]} 51. Ke6 {[%clk 0:00:23]} Kg3
{[%clk 0:00:46]} 52. g5 {[%clk 0:00:20]} g6 {[%clk 0:00:38]} 53. Kf6
{[%clk 0:00:20]} Kxh3 {[%clk 0:00:38]} 54. Kg7 {[%clk 0:00:21]} Kg4
{[%clk 0:00:39]} 0-1

[Event "Blitz 2018"]
[Site "Saint-Petersburg"]
[Date "2018.12.30"]
[Round "16"]
[Board "58"]
[White "Tissir Mohamed (MAR)"]
[Black "Pantsulaia Levan (GEO)"]
[Result "1-0"]
[LiveChessVersion "1.4.8"]
[BlackElo "2584"]
[WhiteElo "2381"]

1. e4 {[%clk 0:03:02]} c6 {[%clk 0:03:04]} 2. d4 {[%clk 0:03:02]} d5
{[%clk 0:03:05]} 3. Nc3 {[%clk 0:03:02]} a6 {[%clk 0:03:06]} 4. h3
{[%clk 0:03:03]} dxe4 {[%clk 0:03:04]} 5. Nxe4 {[%clk 0:03:03]} Bf5
{[%clk 0:03:06]} 6. Ng3 {[%clk 0:03:03]} Bg6 {[%clk 0:03:07]} 7. Nf3
{[%clk 0:03:04]} e6 {[%clk 0:03:04]} 8. Bd3 {[%clk 0:03:04]} Nf6 {[%clk 0:02:57]}
9. O-O {[%clk 0:03:04]} Bd6 {[%clk 0:02:54]} 10. Ne2 {[%clk 0:02:55]} Qc7
{[%clk 0:02:49]} 11. c3 {[%clk 0:02:51]} Bh5 {[%clk 0:02:47]} 12. Nd2
{[%clk 0:02:44]} Nbd7 {[%clk 0:02:20]} 13. Nc4 {[%clk 0:02:42]} Bh2+
{[%clk 0:02:09]} 14. Kh1 {[%clk 0:02:43]} b5 {[%clk 0:02:10]} 15. Ne3
{[%clk 0:02:33]} Bd6 {[%clk 0:02:11]} 16. a4 {[%clk 0:02:28]} Rd8
{[%clk 0:02:12]} 17. axb5 {[%clk 0:02:29]} axb5 {[%clk 0:02:13]} 18. Qe1
{[%clk 0:02:18]} O-O {[%clk 0:02:12]} 19. Ng3 {[%clk 0:02:19]} Bg6
{[%clk 0:02:12]} 20. Bxg6 {[%clk 0:02:05]} hxg6 {[%clk 0:02:12]} 21. Ne2
{[%clk 0:01:48]} Nb6 {[%clk 0:02:07]} 22. Ng1 {[%clk 0:01:43]} Rfe8
{[%clk 0:01:35]} 23. Nf3 {[%clk 0:01:39]} c5 {[%clk 0:01:29]} 24. dxc5
{[%clk 0:01:29]} Bxc5 {[%clk 0:01:29]} 25. Qe2 {[%clk 0:01:31]} Qc6
{[%clk 0:01:09]} 26. Ng4 {[%clk 0:01:30]} Nxg4 {[%clk 0:01:08]} 27. hxg4
{[%clk 0:01:31]} Nd5 {[%clk 0:01:01]} 28. Qe4 {[%clk 0:01:16]} Qb6
{[%clk 0:00:50]} 29. Ng5 {[%clk 0:00:56]} f6 {[%clk 0:00:49]} 30. Nh3
{[%clk 0:00:51]} g5 {[%clk 0:00:45]} 31. f4 {[%clk 0:00:46]} gxf4
{[%clk 0:00:43]} 32. Bxf4 {[%clk 0:00:46]} Be3 {[%clk 0:00:21]} 33. Bh2
{[%clk 0:00:37]} Bh6 {[%clk 0:00:21]} 34. Rae1 {[%clk 0:00:35]} Ne3
{[%clk 0:00:21]} 35. Rf3 {[%clk 0:00:34]} Nc4 {[%clk 0:00:21]} 36. Qg6
{[%clk 0:00:32]} Rf8 {[%clk 0:00:18]} 37. g5 {[%clk 0:00:18]} fxg5
{[%clk 0:00:17]} 38. Rxe6 {[%clk 0:00:15]} Qa7 {[%clk 0:00:09]} 39. Rxf8+ Rxf8
40. Re8 {[%clk 0:00:11]} Qf7 {[%clk 0:00:07]} 41. Rxf8+ {[%clk 0:00:11]} Qxf8
{[%clk 0:00:08]} 42. Nxg5 {[%clk 0:00:10]} Bxg5 {[%clk 0:00:06]} 43. Qxg5
{[%clk 0:00:11]} Qf1+ {[%clk 0:00:07]} 44. Bg1 {[%clk 0:00:12]} Nxb2
{[%clk 0:00:08]} 45. Qd5+ {[%clk 0:00:09]} Kh7 {[%clk 0:00:08]} 46. Qh5+
{[%clk 0:00:10]} Kg8 {[%clk 0:00:10]} 47. Qd5+ {[%clk 0:00:12]} Kh7
{[%clk 0:00:10]} 48. Qh5+ {[%clk 0:00:13]} Kg8 {[%clk 0:00:11]} 49. Qd5+
{[%clk 0:00:14]} Kf8 {[%clk 0:00:12]} 50. Qd8+ {[%clk 0:00:09]} Kf7
{[%clk 0:00:13]} 51. Qd7+ {[%clk 0:00:10]} Kf6 {[%clk 0:00:14]} 52. Qd6+
{[%clk 0:00:09]} Kg5 {[%clk 0:00:14]} 53. Qd2+ {[%clk 0:00:10]} Kg6
{[%clk 0:00:14]} 54. Qxb2 {[%clk 0:00:11]} Kh7 {[%clk 0:00:15]} 55. Qc2+
{[%clk 0:00:12]} Kg8 {[%clk 0:00:16]} 56. Qe4 {[%clk 0:00:13]} Kh8
{[%clk 0:00:16]} 57. Kh2 {[%clk 0:00:13]} Kg8 {[%clk 0:00:17]} 58. Qe6+
{[%clk 0:00:14]} Kh8 {[%clk 0:00:18]} 59. Qh3+ {[%clk 0:00:13]} Kg8
{[%clk 0:00:20]} 60. Qe3 {[%clk 0:00:13]} Kh8 {[%clk 0:00:20]} 61. Qe8+
{[%clk 0:00:14]} Kh7 {[%clk 0:00:22]} 62. Qe4+ {[%clk 0:00:14]} Kh8
{[%clk 0:00:23]} 63. Bd4 {[%clk 0:00:14]} Qf7 {[%clk 0:00:20]} 64. Qe5
{[%clk 0:00:13]} Kh7 {[%clk 0:00:20]} 65. Kh3 {[%clk 0:00:11]} Qd7+
{[%clk 0:00:20]} 66. g4 {[%clk 0:00:11]} Kg6 {[%clk 0:00:19]} 67. Qh5# 1-0

[Event "Blitz 2018"]
[Site "Saint-Petersburg"]
[Date "2018.12.30"]
[Round "16"]
[Board "59"]
[White "Iljiushenok Ilia (RUS)"]
[Black "Demchenko Anton (RUS)"]
[Result "1-0"]
[LiveChessVersion "1.4.8"]
[BlackElo "2572"]
[WhiteElo "2467"]

1. e4 {[%clk 0:03:03]} c5 {[%clk 0:03:03]} 2. Nc3 {[%clk 0:03:03]} d6
{[%clk 0:03:01]} 3. d4 {[%clk 0:03:05]} cxd4 {[%clk 0:03:01]} 4. Qxd4
{[%clk 0:03:06]} Nc6 {[%clk 0:03:02]} 5. Qd2 {[%clk 0:03:06]} g6 {[%clk 0:03:04]}
6. b3 {[%clk 0:03:07]} Bh6 {[%clk 0:03:05]} 7. f4 {[%clk 0:03:08]} Nf6
{[%clk 0:03:06]} 8. Bb2 {[%clk 0:03:07]} O-O {[%clk 0:03:05]} 9. O-O-O
{[%clk 0:03:07]} a5 {[%clk 0:03:06]} 10. a4 {[%clk 0:03:06]} Nb4 {[%clk 0:02:51]}
11. Kb1 {[%clk 0:02:58]} Bg4 {[%clk 0:02:18]} 12. Be2 {[%clk 0:02:34]} Rc8
{[%clk 0:02:16]} 13. Bxg4 {[%clk 0:02:31]} Nxg4 {[%clk 0:02:17]} 14. Nf3
{[%clk 0:02:19]} Qb6 {[%clk 0:01:56]} 15. Rhe1 {[%clk 0:02:09]} Nf6
{[%clk 0:01:20]} 16. h3 {[%clk 0:01:47]} Rfd8 {[%clk 0:01:21]} 17. g4
{[%clk 0:01:03]} d5 {[%clk 0:01:13]} 18. exd5 {[%clk 0:00:45]} Nfxd5
{[%clk 0:01:08]} 19. Nxd5 {[%clk 0:00:36]} Rxd5 {[%clk 0:01:09]} 20. Qe2
{[%clk 0:00:32]} Rxd1+ {[%clk 0:00:17]} 21. Rxd1 {[%clk 0:00:31]} Rxc2
{[%clk 0:00:15]} 22. Qxe7 {[%clk 0:00:17]} Rxb2+ {[%clk 0:00:16]} 23. Kxb2
{[%clk 0:00:18]} Bg7+ {[%clk 0:00:14]} 24. Kb1 {[%clk 0:00:18]} Bf6
{[%clk 0:00:13]} 25. Qe8+ {[%clk 0:00:14]} Kg7 {[%clk 0:00:14]} 26. g5
{[%clk 0:00:16]} Nd5 {[%clk 0:00:05]} 27. gxf6+ {[%clk 0:00:14]} Nxf6
{[%clk 0:00:06]} 28. Qb5 {[%clk 0:00:15]} Qf2 {[%clk 0:00:07]} 29. Qd3
{[%clk 0:00:15]} Qg2 {[%clk 0:00:05]} 30. Ne5 {[%clk 0:00:15]} Ne4
{[%clk 0:00:06]} 31. Nc4 {[%clk 0:00:08]} Kh6 {[%clk 0:00:04]} 32. Qe3
{[%clk 0:00:08]} Ng3 {[%clk 0:00:03]} 33. f5+ {[%clk 0:00:09]} g5
{[%clk 0:00:04]} 34. f6 {[%clk 0:00:07]} Nf5 {[%clk 0:00:05]} 35. Qd3
{[%clk 0:00:07]} Nh4 {[%clk 0:00:04]} 36. Ne5 {[%clk 0:00:07]} Qh2
{[%clk 0:00:03]} 37. Nxf7+ {[%clk 0:00:08]} Kh5 38. Qxh7# 1-0